Statistiques concernant Qui a dit ? (Saga Harry Potter)

Cliquez ici pour prendre le quiz!

Statistiques générales

  • Ce quiz a été pris 3 939 fois
  • Le résultat moyen est 15 sur 25

Statistiques - réponses

CitationsPersonnage% Correct
"Harry… tu es un sorcier…"Rubeus Hagrid
99%
"36 !! Mais l’an dernier, l’an dernier j’en avais 37 !!"Dudley Dursley
83%
"Maintenant, je vais me coucher ! Avant que l’un de vous ait une brillante idée pour nous faire tuer. Ou pire, nous faire expulser !"Hermione Granger
82%
"Suivez les araignées… Pourquoi ça ne pouvait pas être « suivez les papillons » ?"Ron Weasley
82%
"Harry Potter… notre nouvelle célébrité…"Severus Rogue
82%
"Je veux dire : ce n’est pas bien d’avoir fait ça les enfants ! Pas bien du tout ! Bon Harry, toi qui sait tout des moldus, à quoi sert un canard en caoutchouc exactement ?"Arthur Weasley
80%
"J’ai tué Sirius Black !! Hahaha et tu voudrais me rattraper ?"Bellatrix Lestrange
79%
"Oh regardez tous, miss Granger a réussi !"Filius Flitwick
73%
"Je ne rentre pas chez moi… Pas vraiment !"Harry Potter
73%
"Tu répètes un ballet aérien, Potter ?"Drago Malefoy
71%
"Ce dont vous avez le plus peur est la peur elle-même, c’est une preuve de sagesse."Remus Lupin
70%
"Quand nous rêvons, nous entrons dans un monde qui n’appartient qu’à nous."Albus Dumbledore
67%
"Pourquoi c’est toujours moi ?"Neville Londubat
65%
"Ma mère a fait ça quand je me suis enfui, une femme charmante… J’avais 16 ans…"Sirius Black
59%
"La baguette de sureau, la plus puissante baguette jamais fabriquée. La Pierre de résurrection, la cape d’invisibilité, ensembles elles forment les reliques de la mort. Ensemble elles font de vous, le maître de la mort."Xenophilius Lovegood
55%
"Touche pas à ma Ginny ! Pétasse !"Molly Weasley
54%
"Il n’y a pas de bien ni de mal, il n’y a que le pouvoir, et ceux qui sont trop faibles pour le rechercher…"Lord Voldemort / Tom Jedusor
51%
"Pour ceux d’entre-vous qui n’ont jamais bu de polynectar, je vous préviens, on dirait de la pisse de gobelin."Alastor Maugrey
48%
"Les choses finissent toujours pas revenir, mais pas toujours de la manière qu’on croit."Luna Lovegood
45%
"C’est un endroit fantastique, pour être avec des amis."Dobby
42%
"Comment as-tu pu croire, comment as-tu pu être assez naïf pour penser que des enfants avaient une chance contre nous."Lucius Malefoy
41%
"Vous devriez en discuter avec M. Finnigan, si je ne m’abuse il a un penchant très prononcé pour la pyrotechnie."Minerva McGonagall
37%
"Waooowww ! On dirait de la magie !"Gilderoy Lockhart
35%
"Vous avez eu souvent l’occasion d’en boire, Fol-œil."Fred Weasley
32%
"Vous ne l’aimez pas beaucoup monsieur le ministre, mais reconnaissez, qu’il ne manque pas de style…"Kingsley Shacklebolt
22%

Distribution des résultats

Percentile par nombre de réponses

% des personnes avec chaque résultat

Votre développement - résultats

Vous n’avez pas pris ce quiz